000 01348nam a2200337 i 4500
003 EG-GICUC
005 20260309120855.0
008 260309s1997 ua ||||fr|||| 00| 0 ara d
017 _a97/5433
020 _a9772001764
040 _a EG-GICUC
_bara
_c EG-GICUC
_d EG-GICUC
_erda
041 _aara
082 0 4 _221
_a343.373
_bع ب . إ
092 0 4 _221
099 _aLaw1 10 343.373 ع ب . إ 1997
100 0 _aعبد الرحيم صدقى
_eمؤلف.
245 1 2 _aالاختصاص القضائي الجنائى :
_b(نحو نظرة مستقبلية في القانون المصري المعاصر (بين الإقليمية والعالمية /
_cتأليف الدكتور عبد الرحيم صدقى.
264 1 _aالقاهرة :
_bدار النهضة العربية،
_c1997.
300 _a154 صفحة ;
_c24 سم.
336 _2rda content
_atext
337 _2rda media
_aComputer
338 _2rda carrier
_aOnline Resource
504 _aيشتمل على إرجاعات ببليوجرافية.
546 _aالنص باللغة العربية
650 1 _aالقانون الجنائي
650 1 _aقواعد اختصاص المحاكم الجنائية
650 1 _aالاختصاص القضائى
856 4 0 _uhttps://fll.law.cu.edu.eg/fulltext/bks/B10-08505.pdf
905 _a43
942 _2ddc
_n0
_cBK
_e21
999 _c65905
_d65905